000
00213nam a22000977a 4500
082
_a
823
_b
KOL/D
100
_a
KOLLE,JACKIE FRENCH
245
_a
DRAGON TROUBLE
246
_a
DRAGON TROUBLE
_b
DRAGON TROUBLE
942
_c
BK
999
_c
8314
_d
8314